| 000 | 00985nam a2200289Ia 4500 | ||
|---|---|---|---|
| 001 | Para_9290 | ||
| 003 | CHAP | ||
| 008 | 220125s2007 xx 000 0 und d | ||
| 010 | _a208028 | ||
| 040 | _cCHAP | ||
| 090 | _aTESIS 2073 | ||
| 100 |
_aMartínez Soriano, Laura _972542 |
||
| 245 |
_aCaracterización del virus mosaico estriado de la cebada (Barley Stripe Mosaic Virus, BSMV) en cebada Hordeum vulgare L. variedad Apizaco / _c por Laura Martínez Soriano |
||
| 260 |
_aChapingo, Méx. : _b el autor |
||
| 300 | _a52 h. | ||
| 502 | _aTesis (M.C. Protección Vegetal). UACh Departamento Parasitología Agrícola | ||
| 650 |
_aCebada _x enfermedades _920674 |
||
| 650 |
_aVirus estriado de la cebada _9174454 |
||
| 700 |
_aUACh. Departamento Parasitología Agrícola _9164501 |
||
| 901 | _aTESIS 2073 | ||
| 902 | _aM | ||
| 905 | _a0000002007 amn 0000000000 00 | ||
| 910 | _a2007 | ||
| 942 | _cPARA | ||
| 942 |
_cPARA _d2 |
||
| 999 |
_c208028 _d208028 |
||